[Event "ACT-ch"]
[Site "Canberra"]
[Date "2014.03.23"]
[Round "4"]
[White "Badrinarayan, Sankeertan"]
[Black "Sheehan, James"]
[Result "1-0"]
[WhiteElo "1220"]
[BlackElo "582"]
[PlyCount "49"]
[EventDate "2014.03.21"]
[EventType "swiss"]
[EventRounds "9"]
[EventCountry "AUS"]
[SourceTitle "CBM 159 Extra"]
[Source "ChessBase"]
[SourceDate "2014.04.24"]
[SourceVersion "1"]
[SourceVersionDate "2014.04.24"]
[SourceQuality "1"]

1. e4 e5 2. Nf3 d6 3. d4 Nc6 4. Bb5 Bg4 5. d5 a6 6. Bxc6+ bxc6 7. dxc6 Nf6 8. Nc3 Bxf3 9. Qxf3 Be7 10. 0-0 0-0 11. Be3 h6 12. Rad1 Qc8 13. Nd5 Qd8 14. Rd3 Nxd5 15. exd5 Bf6 16. Qg4 Qe7 17. Bxh6 Kh7 18. Bd2 Rh8 19. Rh3+ Kg8 20. Rxh8+ Kxh8 21. Re1 g6 22. Re3 Kg7 23. Rh3 Rg8 24. Bh6+ Kh7 25. Bf8+ 1-0